| 000 | 00621nam a2200205 a 4500 | ||
|---|---|---|---|
| 005 | 20140310183441.0 | ||
| 008 | 080521s19uu xx 00 eng d | ||
| 020 | _a0470057769 | ||
| 050 |
_aRF 291.35 _b.D43 2007 |
||
| 245 |
_aDeafness and challeging behaviour : _bthe 360' perspective / |
||
| 260 |
_aU.S.A : _bJohn Wiley & Sons, Ltd, _c2007. |
||
| 300 |
_a328 p. : _bill. ; _c23 cm. |
||
| 521 | _aPSYCH | ||
| 650 |
_aHearing disorders _xPsychological aspects. |
||
| 650 |
_aDeafness _xPsychological aspects. |
||
| 650 |
_aDeaf _xMental health. |
||
| 700 | _aJeffery, Dave | ||
| 942 |
_cBK _2lcc _kFOR |
||
| 999 |
_c23110 _d23110 |
||